000 00326nam a2200133Ia 4500
005 20260328104317.0
008 260328s9999||||xx |||||||||||||| ||und||
100 _aDillon, Patrick
245 4 _aThe Story of Buildings /
_cPatrick Dillon
260 _bCandlewick
300 _a95 p.
650 _aDillon, Patrik
942 _cBK
999 _c11216
_d11216